Types of Things #1 - Statistics

General Stats
  • This quiz has been taken 92,487 times
  • The average score is 15 of 20
Answer Stats
These are Types of This % Correct
Ballpoint, Fountain, Felt-tip Pen
98%
Acoustic, Electric, Steel Guitar
95%
Rifle, Musket, Six-Shooter Gun
93%
Oil, Watercolor, Fresco Paint
91%
Sonnet, Haiku, Ode Poem
91%
Cowboy, Thigh-High, Hiking Boot
89%
Kinetic, Potential, Thermal Energy
86%
Fedora, Panama, Fez Hat
86%
Tension, Sinus, Migraine Headache
86%
King, Double, Twin Mattress
85%
Yellow Dwarf, Red Giant, Neutron Star
81%
Cirrus, Cumulus, Stratus Cloud
80%
Galleon, Dinghy, Catamaran Boat
78%
Chrome, Safari, Opera Web Browser
68%
Taiga, Rain, Mangrove Forest
65%
Work, Tourist, Student Visa
64%
Martini, Tumbler, Snifter Glass
56%
Bebop, Free, Swing Jazz
38%
Buffalo, Wooden, Liberty Head Nickel
26%
Aggie, Toothpaste, Cat's Eye Marble
23%
No matching quizzes found
Score Distribution
Percent of People with Each Score
Percentile by Number Answered
Your Score History
You have not taken this quiz